000 00372nam a22001458i 4500
020 _a0394501357 :
040 _cDLC
082 _a823 KNO 1977 A120 Or.
100 1 _aFraser, George MacDonald,
245 1 0 _aFlashman's lady /
250 _a1st Amer. ed.
260 _aNew York :
_bKnopf : distributed by Random House,
_c1977.
300 _a330 p. ;
_c22 cm.
942 _cEK
999 _c16532
_d16532